CONSUMER BEHAVIOUR : ADVANCES & APPLICATIONS IN MARKETING. (Record no. 477964)

MARC details
000 -LEADER
fixed length control field 00928nam a2200253Ia 4500
008 - FIXED-LENGTH DATA ELEMENTS--GENERAL INFORMATION
fixed length control field 100315s9999 xx 000 0 und d
020 ## - INTERNATIONAL STANDARD BOOK NUMBER
International Standard Book Number 0-13-359316-9 
040 ## - CATALOGING SOURCE
Transcribing agency ENGLISH 
082 ## - DEWEY DECIMAL CLASSIFICATION NUMBER
Item number 3229 
Classification number 658.8342 
100 ## - MAIN ENTRY--PERSONAL NAME
Personal name "EAST , ROBERT "
245 ## - TITLE STATEMENT
Title CONSUMER BEHAVIOUR : ADVANCES & APPLICATIONS IN MARKETING.
250 ## - EDITION STATEMENT
Edition statement 1st 
260 ## - PUBLICATION, DISTRIBUTION, ETC. (IMPRINT)
Place of publication, distribution, etc London 
Name of publisher, distributor, etc Prentice - Hall  
Date of publication, distribution, etc 1997 
300 ## - PHYSICAL DESCRIPTION
Extent "XXII,356P  "
365 ## - TRADE PRICE
Price note Rupees 
Unit of pricing
Price amount 854.25 
366 ## - TRADE AVAILABILITY INFORMATION
Publishers' discount category 15 
505 ## - FORMATTED CONTENTS NOTE
Miscellaneous information DBH 
530 ## - ADDITIONAL PHYSICAL FORM AVAILABLE NOTE
Availability source PRAKASH PUNJABI 2081/11-01-1999 
Additional physical form available note 2081/11-01-1999 
620 ## -
-- "CNSUMER PATTERNS ,STATIONARY MARKETS,REASONS FOR PURCHASE , MECANISMS IN CHOICE & CONSUMPTION , RESPONCE TO ADVERTISING , RESERCH,, "
630 ## - SUBJECT ADDED ENTRY--UNIFORM TITLE
Uniform title CONSUMER BEHAVIOUR : ADVANCES & APPLICATIONS IN MARKETING.
650 ## - SUBJECT ADDED ENTRY--TOPICAL TERM
Topical term or geographic name as entry element Consumer Behavior 
730 ## - ADDED ENTRY--UNIFORM TITLE
Uniform title CONSUMER BEHAVIOUR : ADVANCES & APPLICATIONS IN MARKETING.
942 ## - ADDED ENTRY ELEMENTS (KOHA)
Koha item type Book
Holdings
Withdrawn status Lost status Damaged status Not for loan Home library Current library Date acquired Cost, normal purchase price Total Checkouts Full call number Barcode Date last seen Price effective from Koha item type
        Dr. V. N. Bedekar Institute of Management Studies Library Dr. V. N. Bedekar Institute of Management Studies Library 06/29/2004 1005.00   658.8342 /EAS  3229  VPMBRIMS-3229  03/19/2010 03/19/2010 Book